00724nam a2200253Ia 4500003000400000005001700004006001900021007000300040008004100043020002600084024001100110037003600121040002000157041001300177082001900190100002100209245009700230260005400327300001500381490000900396650000900405650003100414650002500445OSt20221006155904.0a|||||r|||| 00| 0 ta221006b |||||||| |||| 00| 0 eng d a9780520038493c¥4025 a43,755 bGift, Japan FoundationcTextual aEASLcEASLbeng 2engaeng aX62:89M.42, L4 aRohlen Thomas P. 0aFor harmony and strengthb Japanese white-collar organization in anthropological perspective aBerkeleybUniversity of California Press c1974 a285p.ccm. v JEL a JEL a Marriage - Family - Japan aBank - Union - Japan